Vogel's qualitative inorganic analysis. (Record no. 3756)

MARC details
000 -LEADER
fixed length control field 01105pam a2200313 a 4500
001 - CONTROL NUMBER
control field 4296344
003 - CONTROL NUMBER IDENTIFIER
control field OSt
005 - DATE AND TIME OF LATEST TRANSACTION
control field 20160425190720.0
008 - FIXED-LENGTH DATA ELEMENTS--GENERAL INFORMATION
fixed length control field 860509s1987 enka b 001 0 eng
010 ## - LIBRARY OF CONGRESS CONTROL NUMBER
LC control number 86010453
020 ## - INTERNATIONAL STANDARD BOOK NUMBER
International Standard Book Number 0470207108 (Wiley)
020 ## - INTERNATIONAL STANDARD BOOK NUMBER
Canceled/invalid ISBN 058245090X :
Terms of availability $�15.00
040 ## - CATALOGING SOURCE
Original cataloging agency DLC
Transcribing agency DLC
Modifying agency DLC
050 00 - LIBRARY OF CONGRESS CALL NUMBER
Classification number QD81
Item number .V6 1987
082 00 - DEWEY DECIMAL CLASSIFICATION NUMBER
Classification number 546
Edition number 19
Item number VOG 1996
240 10 - UNIFORM TITLE
Uniform title Qualitative inorganic analysis
245 10 - TITLE STATEMENT
Title Vogel's qualitative inorganic analysis.
Statement of responsibility, etc. rev. by G. Svehla.
250 ## - EDITION STATEMENT
Edition statement 6th ed. /
260 ## - PUBLICATION, DISTRIBUTION, ETC. (IMPRINT)
Place of publication, distribution, etc. Harlow, Essex, England :
Name of publisher, distributor, etc. Longman Scientific & Technical ;
Place of publication, distribution, etc. New York :
Name of publisher, distributor, etc. Wiley,
Date of publication, distribution, etc. 1996.
300 ## - PHYSICAL DESCRIPTION
Extent ix, 310 p. :
Other physical details ill. ;
Dimensions 24 cm.
500 ## - GENERAL NOTE
General note Previous ed. as: Vogel's textbook of macro and semimicro qualitative inorganic analysis. 1979.
504 ## - BIBLIOGRAPHY, ETC. NOTE
Bibliography, etc Includes bibliographical references and index.
650 #0 - SUBJECT ADDED ENTRY--TOPICAL TERM
Topical term or geographic name as entry element Chemistry, Analytic
General subdivision Qualitative.
9 (RLIN) 8282
650 #0 - SUBJECT ADDED ENTRY--TOPICAL TERM
Topical term or geographic name as entry element Chemistry, Inorganic.
9 (RLIN) 8270
700 1# - ADDED ENTRY--PERSONAL NAME
Personal name Svehla, G.
9 (RLIN) 8283
740 0# - ADDED ENTRY--UNCONTROLLED RELATED/ANALYTICAL TITLE
Uncontrolled related/analytical title Qualitative inorganic analysis.
906 ## - LOCAL DATA ELEMENT F, LDF (RLIN)
a 7
b cbc
c orignew
d 1
e ocip
f 19
g y-gencatlg
942 ## - ADDED ENTRY ELEMENTS (KOHA)
Source of classification or shelving scheme Dewey Decimal Classification
Koha item type Short Loan
Holdings
Withdrawn status Lost status Source of classification or shelving scheme Damaged status Not for loan Home library Current library Date acquired Inventory number Total Checkouts Full call number Barcode Date last seen Price effective from Koha item type
    Dewey Decimal Classification     MUST Main Library MUST Main Library 25/04/2016 2000/14553   546 VOG 1996 2016-1324 25/04/2016 25/04/2016 Short Loan
    Dewey Decimal Classification     MUST Main Library MUST Main Library 10/05/2016 2008/30717   546 VOG 1996 2016-1687 10/05/2016 10/05/2016 Short Loan